Quizzes
Events
Quiz Creation
Community
Videos
Private Events
Remove Ads
Sign In
Join for FREE
Feedback
Dark Mode
Quiz Categories
Sports
Geography
Music
Movies
Television
Just For Fun
Miscellaneous
History
Literature
Language
Science
Gaming
Entertainment
Religion
Holiday
For Kids
Quiz Lab
Recent
Popular Today
Quiz Kudos Today
Editor Picks
Curator Picks
Quizzes by...
Day
Popularity
Type
Ratings
Length
Year
Community
Subscriptions
Recent Discussions
Orange Saloon
Badges
Playlists
Quests
Create
Leaderboards
Showdown
Live 5
Trivia Bingo
Activity
Puzzle Library
Sporcle Events
Private Events
Virtual Trivia
Globe League
Become a Host
Pub Owners
SporcleCon
Opinionation
Our Games
Videos
Blog
Mobile Apps
Partnerships
Remove Ads and Go Orange
Feedback
Geography
Country
Landmarks
City
State
Population
World
Capital
Continent
Flags
Europe
Africa
Asia
South America
North America
Oceania
Border
Canada
United Kingdom
Topography
United States
Geography
Country
Landmarks
City
State
Population
World
Capital
Continent
Flags
Europe
Africa
Asia
South America
North America
Oceania
Border
Canada
United Kingdom
Topography
United States
Random Quiz
Search Sporcle
×
Quiz Lab
Quiz Lab
Geography
United States
Type in answers that appear in a list
Type in answers that appear in a list
Classic
Best Score? Go Orange.
US Biking Cities Stats
Can you name the US cities (pop. > 100,000) with the highest percentage of commuters who bike to work?
By
save_ferris15
5m
25 Questions
293 Plays
293 Plays
293 Plays
Comments
Comments
Give Quiz Kudos
Give Quiz Kudos
-
- Ratings
hide this ad
Replay
Link that replays current quiz
Next Quiz
Link to next quiz in quiz playlist
You Got
0%
They Got
Avg Score
38%
Avg Friend Score
Upgrade to see
Score Distribution
Jump to the score distribution portion of the page
Score
0/25
Timer
05:00
0
Plays Today
Rank
City
% Correct
10.
Seattle, Washington
92.8%
4.
Portland, Oregon
90.1%
11.
San Francisco, California
89.4%
13.
Washington, DC
65.2%
11.
Minneapolis, Minnesota
59.7%
19.
Sacramento, California
53.9%
1.
Eugene, Oregon
47.8%
17.
Salt Lake City, Utah
42.7%
4.
Madison, Wisconsin
40.3%
9.
Boise, Idaho
38.9%
25.
Providence, Rhode Island
35.5%
15.
Tucson, Arizona
34.8%
2.
Berkeley, California
34.1%
Rank
City
% Correct
18.
Hartford, Connecticut
28%
3.
Cambridge, Massachusetts
26.6%
22.
Richmond, Virginia
26.3%
23.
New Haven, Connecticut
26.3%
13.
Ann Arbor, Michigan
24.9%
21.
Provo, Utah
22.9%
15.
Charleston, South Carolina
17.1%
8.
Fort Collins, Colorado
15.7%
19.
Tempe, Arizona
14.3%
23.
Irvine, California
12.3%
4.
Gainesville, Florida
11.3%
7.
Pasadena, California
10.2%
Quiz Playlist
Details
Report
Send in Message
Add To Playlist
Classic:
Type in answers that appear in a list
Quiz Source
Last Updated: Feb 16, 2017
Quiz Scoreboard
CHALLENGE
Sign Up to Join the Scoreboard
Show All
Scores
Hide
Comments
May contain spoilers
Recently Published
College Basketball Coaching Resumes
by pancakes188
Sports
9m
Billboard Blitz: Fleetwood Mac
by CooCooCachoo
Music
15s
Presidents Visiting Landmarks
by Hejman
History
7m
More to Explore
Quiz From the Vault
Featured Blog Post
Where Did the Easter Bunny Come From?
hide this ad
You Might Also Like...
Tags
City Quiz
United States Quiz
100
bike
Commuter
US Cities
US City
Today's Top Quizzes in Geography
Browse Geography
hide this ad
Today's Top Quizzes in United States
Browse United States
Top Contributed Quizzes in Geography
1
Countries of the World - No Outlines Minefield
2
Top 25 Cities of France on a map
3
Any capital of a 'B' country per Continent
4
Any capital of a 'C' country per Continent
5
Closest Countries to UK A-Z
6
Any capital of a 'D' country per Continent
7
5-to-1: US Geography No Hints
8
Any capital of an 'E' country per Continent
9
Click the Alabama Counties! (Map)
10
One Thing in Common: United Kingdom
Explore More
Trending Topics
NBA
Crossword
Harry Potter
Anime
Disney
Marvel
Kpop
Puzzle
WWE
Soccer
Country
The Office
NFL
Song
Pokémon
hide this ad
More By:
save_ferris15
Quiz
Plays
Rating
Category
Featured
Created
Most Populous US Cities Minefield
378,807
3.53
Geography
Apr 23, 2012
Populous US Capitals Minefield
153,723
4.32
Geography
Oct 15, 2011
Populous Cities in Populous States
110,297
4.62
Geography
Aug 28, 2011
Populous Metros Sorting Gallery
103,731
4.27
Geography
Mar 29, 2012
Populous Cities in Populous States II
72,871
4.64
Geography
Sep 1, 2011
Go to Creator's Profile
Score Distribution
Quiz Creator Spotlight
save_ferris15
Follow
Send a Message
Quizzes Created
-
Created Quiz Play Count
-
More By This Creator
Popular Quizzes Today
1
Find the US States - No Outlines Minefield
2
Find the Countries of Europe - No Outlines Minefield
3
The Countries of the World
4
Find the US States
5
Risky Map Clicking: Biggest States A-Z
6
US States
7
Popular People in 1961
8
Movies - When Are They Set?
More Geography Quizzes
'A' Cities by Picture
Published
Trending Quizzes
Risky Map Clicking: Least Populous States A-Z
1-10 Letter G Words
1-10 Letter F Words
Risky Map Clicking: Next State Alphabetically
Risky Map Clicking: Biggest States A-Z
Recently Updated
Leaping Animals
pecheneg
Reality TV Shows (A-Z)
bhenderson79
Rickey Henderson's Hall of Fame Teammates
pecheneg
Champions League XIs: Arsenal
pecheneg
Quick Pick: Celebrities in WWE's Hall of Fame
aduchscher
A-Z Keypad Blitz II
pecheneg
Multiple Oscar Actors
pecheneg
Mystery Phrase Blitz: Oscar 'Best Actors'
pecheneg
F. Scott Fitzgerald Novels
LTH
Pick 3 Villains
ddd62291
Trending Topics
Marvel
Harry Potter
Crossword
Kpop
NBA
Disney
Anime
Soccer
Puzzle
Song
WWE
NFL
Pokémon
The Office
Country
Your Account Isn't Verified!
In order to create a playlist on Sporcle, you need to verify the email address you used during registration. Go to your
Sporcle Settings
to finish the process.
Report this User
Report this user for behavior that violates our
Community Guidelines
.
Details:
Send Report
Go to the Sporcle.com Mobile Site →
Comments